¿En defensa de la libertad de expresión?
Uloženo v:
| Médium: | Text |
|---|---|
| Témata: | |
| Tagy: |
Přidat tag
Žádné tagy, Buďte první, kdo vytvoří štítek k tomuto záznamu!
|
MARC
| LEADER | 00000 a a2200000 04500 | ||
|---|---|---|---|
| 001 | 6573 | ||
| 003 | |||
| 040 | |||
| 245 | |a ¿En defensa de la libertad de expresión? | ||
| 650 | |a LIBERTAD DE INFORMACION | ||
| 650 | |a MEDIOS DE COMUNICACION | ||
| 650 | |a POLITICOS | ||
| 650 | |a IDEOLOGIAS POLITICAS | ||
| 773 | |g volumen 22, número 999; páginas 2-3 | ||
| 999 | |c 34055 |d 34055 | ||
